Modern Constitutions (Record no. 25943)

MARC details
000 -LEADER
fixed length control field 00392nam a22001577a 4500
005 - DATE AND TIME OF LATEST TRANSACTION
control field 20230712141217.0
008 - FIXED-LENGTH DATA ELEMENTS--GENERAL INFORMATION
fixed length control field 230712b |||||||| |||| 00| 0 eng d
082 ## - DEWEY DECIMAL CLASSIFICATION NUMBER
Classification number 342.02
Item number MAZ-M
100 ## - MAIN ENTRY--AUTHOR
Author Name Mazhar,ul.Haq
245 ## - TITLE STATEMENT
Title Modern Constitutions
260 ## - PUBLICATION, DISTRIBUTION, ETC.
Place of Publication Pakistan
Name of publisher, distributor, etc. Bookland (pvt) Limited
Date of publication, distribution, etc. 1996
300 ## - PHYSICAL DESCRIPTION
Pages 565
650 ## - SUBJECT ADDED ENTRY--TOPICAL TERM
Subject / Department Political Science
700 ## - ADDED ENTRY--PERSONAL NAME
Personal name Mazhar ul Haq
952 ## - LOCATION AND ITEM INFORMATION (KOHA)
-- 0
-- 0
952 ## - LOCATION AND ITEM INFORMATION (KOHA)
-- 0
-- 0
Holdings
Lost status Damaged status Permanent Location Current Location Shelving Location Date acquired Full Call Number Accession No./Barcode Date last seen Copy number item type
    Superior Information Resource Center (SIRC) Superior University- Main Campus Superior Information Resource Center (SIRC) Superior University- Main Campus LAW 07/12/2023 342.02 MAZ-M 1996 20064 07/12/2023 1 BOOK
    Superior Information Resource Center (SIRC) Superior University- Main Campus Superior Information Resource Center (SIRC) Superior University- Main Campus LAW 07/12/2023 342.02 MAZ-M 1996 20065 07/12/2023 2 BOOK

Powered by Koha